Progressive tendencies in European education / (Record no. 20658)

MARC details
000 -LEADER
fixed length control field 00807cam a22002411a 4500
001 - CONTROL NUMBER
control field e 23000324
003 - CONTROL NUMBER IDENTIFIER
control field DLC
005 - DATE AND TIME OF LATEST TRANSACTION
control field 20260227111215.0
008 - FIXED-LENGTH DATA ELEMENTS--GENERAL INFORMATION
fixed length control field 860528s1923 dcu f000 0 eng c
010 ## - LIBRARY OF CONGRESS CONTROL NUMBER
LC control number e 23000324
035 ## - SYSTEM CONTROL NUMBER
System control number (OCoLC)13653627
040 ## - CATALOGING SOURCE
Original cataloging agency U.S. Off. of Educ. Library
Transcribing agency ABAU
Modifying agency ABAU
-- DLC
042 ## - AUTHENTICATION CODE
Authentication code premarc
050 00 - LIBRARY OF CONGRESS CALL NUMBER
Classification number L111
Item number .A6 1923, no. 37
051 ## - LIBRARY OF CONGRESS COPY, ISSUE, OFFPRINT STATEMENT
Classification number LA622
Item number .W3
100 1# - MAIN ENTRY--PERSONAL NAME
Personal name Washburne, Carleton,
Dates associated with a name 1889-1968.
245 10 - TITLE STATEMENT
Title Progressive tendencies in European education /
Statement of responsibility, etc. by C.W. Washburne.
260 ## - PUBLICATION, DISTRIBUTION, ETC.
Place of publication, distribution, etc. Washington :
Name of publisher, distributor, etc. G.P.O.,
Date of publication, distribution, etc. 1923.
300 ## - PHYSICAL DESCRIPTION
Extent iii, 31 p. ;
Dimensions 23 cm.
490 1# - SERIES STATEMENT
Series statement Bulletin / Department of the Interior, Bureau of Education ;
Volume/sequential designation 1923, no. 37
650 #0 - SUBJECT ADDED ENTRY--TOPICAL TERM
Topical term or geographic name entry element Education
Geographic subdivision Europe.
830 #0 - SERIES ADDED ENTRY--UNIFORM TITLE
Uniform title Bulletin (United States. Bureau of Education) ;
Volume/sequential designation 1923, no. 37

No items available.

Powered by Koha